000 00806nam a22002537a 4500
003 OSt
005 20260528090313.0
008 260528b ar ||||| |||| 00| 0 spa d
040 _aHCSPBA
041 _aspa
100 _aSalvat, Raymundo M.
245 _aTratado de derecho civil argentino :
_bDerechos reales.
_nTomo 2.
260 _aBuenos Aires.
_c1932.
_bJesús Menéndez.
300 _a v.
505 _aIndice
505 _aParte IV. Desmembraciones de la propiedad
505 _aParte V. Acciones reales
505 _aParte VI. Derechos reales de garantía
505 _aParte VII. Publicidad de los derechos reales
505 _aParte VIII. Privilegios. Derechos de retención
505 _aParte IX. Leyes que rigen los derechos reales
650 _aDERECHO CIVIL
942 _cLIB
999 _c64993
_d134462